|
|
|
|
| LEADER |
01197pmm a22003738a 4500 |
| 001 |
00033911 |
| 005 |
20171026081025.0 |
| 008 |
160219s2008 ||||||Engsd |
| 041 |
0 |
# |
|a Eng
|
| 082 |
1 |
4 |
|a 808.004
|b T421I
|
| 100 |
1 |
# |
|a Justin, Oh
|e Tác giả
|
| 245 |
1 |
0 |
|a Toefl IBT navigator writing
|c Justin Oh (tác giả); Lê Huy Lâm (chú giải)
|h nguồn liệu điện tử]
|
| 260 |
# |
# |
|a T.P. Hồ Chí Minh
|b Tổng hợp T.P. Hồ Chí Minh; Công ty TNHH Nhân Trí Việt
|c 2008
|
| 300 |
# |
# |
|a 1 CD
|c 43/4 in.
|e sách
|
| 500 |
# |
# |
|a Copyright by YBM Si-sa, 2008
|
| 653 |
# |
# |
|a Bài kiểm tra
|
| 653 |
# |
# |
|a Giáo trình
|
| 653 |
# |
# |
|a Đĩa CD
|
| 653 |
# |
# |
|a Tiếng Anh
|
| 653 |
# |
# |
|a TOEFL
|
| 653 |
# |
# |
|a Ngôn ngữ
|
| 653 |
# |
# |
|a Kỹ năng viết
|
| 700 |
1 |
# |
|a Lê, Huy Lâm
|e Chú giải
|
| 852 |
# |
# |
|j DPT.0003827
|j DPT.0003828
|j DPT.0003837
|
| 852 |
# |
# |
|b Kho đa phương tiện
|j DPT.0003827, DPT.0003828, DPT.0003837
|
| 910 |
0 |
# |
|d 19/02/2016
|
| 980 |
# |
# |
|a Trung tâm Học liệu Lê Vũ Hùng, Trường Đại học Đồng Tháp
|